000 00699nam a2200241Ia 4500
003 OSt
005 20220928104051.0
006 a|||||r|||| 00| 0
007 ta
008 220927b |||||||| |||| 00| 0 eng d
024 _a50013
037 _cAnnuals, Advances
040 _aSDCL
_cSDCL
_beng
041 _2eng
_aeng
082 _aO73:g(Y33), M1
100 _aJaye Michael Ed.
_9408422
245 0 _aLiterature the american urban experience.
260 _aManchester
_bUniversity Press
_c1981
300 _a256p.
_ccm.
700 _a Watts Chalmers
_9408423
942 _hO73:g(Y33), M1
_cREF
_2CC
999 _c723900
_d723900